|
|
|
|
| LEADER |
01483nam a2200397 a 4500 |
| 001 |
000715819 |
| 003 |
CZ BrMZK |
| 005 |
20090602153308.0 |
| 007 |
ta |
| 008 |
040513s2004 xr e p 000 0 cze d |
| 015 |
|
|
|a cnb001312026
|
| 020 |
|
|
|a 80-245-0690-4
|q (brož.)
|
| 035 |
|
|
|a (OCoLC)85101632
|
| 040 |
|
|
|a BOA001
|b cze
|
| 043 |
|
|
|a e-xr---
|
| 072 |
|
7 |
|a 366
|x Ochrana spotřebitele. Chování spotřebitele
|2 Konspekt
|9 18
|
| 072 |
|
7 |
|a 37.016
|x Učební osnovy. Vyučovací předměty. Učebnice
|2 Konspekt
|9 22
|
| 080 |
|
|
|a 366.5
|2 MRF
|
| 080 |
|
|
|a 346.548
|2 MRF
|
| 080 |
|
|
|a (437.3)
|2 MRF
|
| 080 |
|
|
|a (075.8)
|2 MRF
|
| 100 |
1 |
|
|a Horová, Olga
|7 xx0003239
|4 aut
|
| 245 |
1 |
0 |
|a Ochrana spotřebitele /
|c Olga Horová
|
| 250 |
|
|
|a Vyd. 2.
|
| 260 |
|
|
|a Praha :
|b Oeconomica,
|c 2004
|
| 300 |
|
|
|a 136 s. ;
|c 30 cm
|
| 500 |
|
|
|a Nad názvem: Vysoká škola ekonomická v Praze. Fakulta podnikohospodářská
|
| 500 |
|
|
|a 200 výt.
|
| 504 |
|
|
|a Obsahuje bibliografii
|
| 650 |
0 |
7 |
|a ochrana spotřebitele
|7 ph123665
|z Česko
|2 czenas
|
| 655 |
|
7 |
|a učebnice vysokých škol
|7 fd133772
|2 czenas
|
| 710 |
2 |
|
|a Vysoká škola ekonomická v Praze.
|b Podnikohospodářská fakulta
|7 kn20010709402
|
| 856 |
4 |
1 |
|u http://www.digitalniknihovna.cz/mzk/uuid/uuid:65a39600-fdbe-11e3-9789-005056827e52
|y Digitalizovaný dokument
|x NDK
|
| 910 |
|
|
|a BOA001
|b 3-1135.189
|
| 990 |
|
|
|a BK
|
| 996 |
6 |
|
|b 2610220551
|c 3-1135.189
|l MZK
|r Sklad / do 1 hodiny
|n 16
|p p.v.
|w 000715819
|u 000010
|a 1
|e BOA001
|j MZK50
|s P
|